| 000 | 00740nam a2200253Ia 4500 | ||
|---|---|---|---|
| 003 | OSt | ||
| 005 | 20220926013709.0 | ||
| 006 | a|||||r|||| 00| 0 | ||
| 007 | ta | ||
| 008 | 220923b |||||||| |||| 00| 0 eng d | ||
| 037 | _cGeneral Book | ||
| 040 |
_aRTL _cRTL _beng |
||
| 041 |
_2eng _aeng |
||
| 082 | _aX:(B2817), M9/TD | ||
| 100 |
_aGroves Robert M _9314803 |
||
| 245 | 0 | _aSurvey errors and survey costs | |
| 260 |
_aNew York _bJohn Wiley _c1989 |
||
| 300 |
_axxi,590p _ccm. |
||
| 490 | _aWiley Series In Prbability And Mathematical Statistics | ||
| 500 | _aBibliography:p553-79 | ||
| 650 | _aEconomic Statistics | ||
| 942 |
_hX:(B2817), M9/TD _cGB _2CC |
||
| 999 |
_c626616 _d626616 |
||